000 00931nam a2200229 a 4500
001 13895
003 BD-JhCC
005 20240512201321.0
008 240512b2019 bg a|||| ||a| 001 0 ben d
020 _a9789843441539
035 _a(BD-JhCC)13895
040 _aBD-JhCC
_dBD-JhCC
041 _aBengali
082 _a954.92
_bABD 2019
100 _aআব্দুল্লাহ ,প্রফেসর ড. আবু ইউসুফ মোঃ
245 _aভারত ও বাংলা ভাগ :
_bএক বিয়োগান্তক অধ্যায় /
_c প্রফেসর ড. আবু ইউসুফ মোঃ আব্দুল্লাহ।
260 _aঢাকা:
_bনর্দান ইউনিভার্সিটি পাবলিকেশন্স;
_c2019.
300 _a304 p. :
_bill;
_c24 cm.
650 _aColonialism and the Partition of India
942 _2ddc
_cBK
999 _c13895
_d13895